00809nam a2200241Ia 4500001000600000003000900006008004100015040001300056040001300069041001300082100002100095100002900116245006300145245005300208250001100261260001000272260001300282260004900295300005700344500009300401650004200494650003100536B3460IT-RoPAU130308s9999 xx 000 0 und d aIT-RoPAU cIT-RoPAU aFRANCESE aParpette Chantal gCodice Aut. SPICS: 37641 aFormation linguistique et formation scientifique integrees bPublics Specifiques et Communication Specialisee a1a ed. aPARIS bHachette c1990 [1° Ed.:1990 - Ed.Ling.Originale:1990] a"7 p. (prefazione: no ; testo: 7 [pagine: 135-141])" aFormazione Linguistica e Scientifica Integrate. Attività di Espressione. Comprensione. aPEDAGOGIA DELLA COMUNICAZIONE SOCIALE eCodice materia Spics: 3804